Statystyki dla pokój na świecie - j. włoski

Kliknij tutaj aby rozwiązać quiz!

Ogólne statystyki

  • Ten quiz został rozwiązany 19 razy
  • Średni wynik to 3 z 14

Statystyki odpowiedzi

po polskupo włosku% Poprawnych
miłośćamore
100%
przepraszamscusa
40%
przyjaźńamicizia
30%
pokójpace
30%
witamybenvenuto
20%
czy masz pytanie?hai una domanda?
20%
niebo jest piękneil cielo é bellisimo
20%
jest pełnia księżycac'é la luna piena
10%
jest tak wiele gwiazdci sono tantissime stelle
10%
dzisiaj jest piękny dzieńé una bella giornata
10%
kocham słońcemi piace il sole
10%
pokój na świeciepace sulla terra
10%
zaufanierispetto
10%
w czym mogę pomóc?serve aiuto?
10%

Rozkład punktacji

Percentyl według liczby udzielonych odpowiedzi

Procent ludzi z każdym wynikiem

Twoja historia wyników

Nie rozwiązałeś tego quizu